[Event "Baden-chB"]
[Site "Badenweiler"]
[Date "2009.06.04"]
[Round "3"]
[White "Schwabik, Bruno"]
[Black "Lutz, Horst"]
[Result "1-0"]
[WhiteElo "2036"]
[BlackElo "1812"]
[PlyCount "91"]
[EventDate "2009.06.01"]
[EventType "swiss"]
[EventRounds "9"]
[EventCountry "GER"]
[SourceTitle "EXT 2010"]
[Source "ChessBase"]
[SourceDate "2010.11.25"]
[SourceVersion "1"]
[SourceVersionDate "2010.11.25"]
[SourceQuality "1"]

1. e4 e6 2. d3 c5 3. Nf3 d5 4. Nbd2 Nc6 5. g3 g6 6. Bg2 Bg7 7. 0-0 Nge7 8. Qe2 0-0 9. e5 Nf5 10. c3 b6 11. Re1 Ba6 12. Nf1 Qc7 13. Bf4 Rad8 14. Qd2 Rfe8 15. g4 Nfe7 16. h4 Kh8 17. Ng3 Ng8 18. h5 Nce7 19. Kh2 h6 20. g5 Kh7 21. Rh1 Nf5 22. Nxf5 exf5 23. e6 Qe7 24. hxg6+ fxg6 25. gxh6 Bxh6 26. Kg1 Qf8 27. Be5 g5 28. Nxg5+ Kg6 29. Qe2 Nf6 30. Nf7 Ng4 31. Nxd8 Rxd8 32. Bg3 Qe7 33. Bf3 Nf6 34. Bh4 Bc8 35. Re1 Qg7 36. Kf1 Qe7 37. Qe5 Bg7 38. Rg1+ Kh7 39. Qxf5+ Kh8 40. Bh5 Rd6 41. Bf7 Qxf7 42. Bxf6 Qxf6 43. Rh1+ Kg8 44. Qh7+ Kf8 45. e7+ Ke8 46. Qg8+ 1-0